00647nam a2200169 a 450000100100000000500170001000800410002702000150006804000250008324501290010825000110023726000510024830000210029970000350032095201050035599900170046000004006720201002033910.0130805s1994 cu 000 0 spa d a9686741011 aDO-SdBNPbspacBNPHU03aUn grupo avanza silencioso :bantología de poetas cubanos nacido entre 1958-1972 /cselección de Gaspar Aguilera Díaz. a2a.ed. aMéxico :bInstituto Cubano del Libro,c1994. a255 p. ;c18 cm.1 aAguilera Díaz, Gaspar966325 001050718MOaPDbPDcCTd2013-08-05iLF1l0o p40067-10r2020-06-25w2020-06-25y1ZNo se presta c39557d39557